| 000 | 00936 a2200169 4500 | ||
|---|---|---|---|
| 003 | Nust | ||
| 005 | 20221012133126.0 | ||
| 040 | _cNust | ||
| 082 | _a541.3724,CON | ||
| 100 |
_aConway, B. E. _9100019 |
||
| 245 |
_aTheory and principles of electrode processes / _cB.E. Conway. |
||
| 260 |
_aNew York, _b Ronald Press Co _c. [1965] |
||
| 300 |
_avii, 303 p. illus. _b 24 cm. |
||
| 505 | _aIntroduction (Page-3), Potential Differences at Interfaces (Page-13), Distribution of Ions and Molecules at Electrode Interface (Page-25), Determination of Reactant Adsorption at Electrodes (Page-44), Adsorption Behavior of Neutral Molecules and Ions (Page-69), Electrochemical Kinetic Principles (Page-92), Adsorbed Intermediates at Electrodes (Page-136), Applications to Selected Problems (Page-170), Electrochemical Field Effect at the Gas Metal Interface (Page-273), | ||
| 650 |
_aTheory and principles of electrode _9100020 |
||
| 942 |
_2ddc _cBK |
||
| 999 |
_c183670 _d183670 |
||